Cost containment and DRGs : a guide to prospective payment

Αποθηκεύτηκε σε:
Λεπτομέρειες βιβλιογραφικής εγγραφής
Κύριος συγγραφέας: Spiegel, Allen D.
Άλλοι συγγραφείς: Kavaler, Florence, McNerney, Walter (Συγγραφέας εισαγωγής κ.λπ.)
Μορφή: Βιβλίο
Γλώσσα:English
Δημοσίευση: [Owings Mill, Md.] : National Health Publishing, c1986
Θέματα:
Ετικέτες: Προσθήκη ετικέτας
Δεν υπάρχουν, Καταχωρήστε ετικέτα πρώτοι!

MARC

LEADER 00000nam a2200000 i 4500
001 1/25833
008 960708s1986 eng d
020 |a 0932500447 
035 |l 10022558 
040 |a GR-MY-UA  |b gre  |e aacr 
041 0 |a eng 
082 0 |a 362.1 
100 1 |a Spiegel, Allen D. 
245 1 0 |a Cost containment and DRGs :  |b a guide to prospective payment /  |c by Allen D. Spiegel and Florence Kavaler ; foreword by Walter McNerney 
260 |a [Owings Mill, Md.] :   |b National Health Publishing,   |c c1986 
300 |a xxxi, 565 p.;  |b ill.;  |c 24 cm. 
504 |a Includes bibliographies and index 
650 0 0 |a Diagnosis related groups. 
650 0 0 |a Hospitals  |x Prospective payment. 
650 0 0 |a Hospitals  |x Cost control. 
700 1 |a Kavaler, Florence. 
700 1 |a McNerney, Walter.  |4 aui 
852 |a INST  |b CHIOS  |e 19960708  |h 362.1 SPI  |p 005200002618  |q 005200002618  |t BK  |y 0 
909 |a Χ  |b 018701